01012nam a2200241 a 4500001001300000003000900013005001700022008004100039020001800080040002800098043001200126082002700138100003500165245016300200260014000363300004700503504006100550650003100611650003800642650002100680651003500701700003400736C01577917c-7CO-ViMGA20230915233559.0180312s2016 ck o gr 000 0 spa d a9789585900875 aCO-ViMGAbspacCO-ViMGA as-ck---04aFr 780.986 bE76a 2191 aEspinel Riveros, Nancy Leonor.10aAproximación al joropo : botra de las manifestaciones de la identidad cultural de los villavicenses / cNancy Espinel Riveros, Nicolás Espinel Sánchez. aVillavicencio : bCorporación Cultural Municipal de Villavicencio :bCoorporación Cultural Entreletras : bPatrimonium Sum, c2016. a139 páginas : bfotografías ; c20 cm. aIncluye referencias bibliográficas (páginas 121-124)14aJoropo (Danza)z Colombia.14aMúsica folclórica colombiana.14aMúsica llanera 4aColombiax Identidad cultural.1 aEspinel Sánchez, Nicolás.